Leadership handbook of management and administration / (Record no. 1448)
[ view plain ]
| 000 -LEADER | |
|---|---|
| fixed length control field | 02043cam a2200289Ia 4500 |
| 001 - CONTROL NUMBER | |
| control field | 76435 |
| 003 - CONTROL NUMBER IDENTIFIER | |
| control field | GBCCL |
| 005 - DATE AND TIME OF LATEST TRANSACTION | |
| control field | 20241126110401.0 |
| 008 - FIXED-LENGTH DATA ELEMENTS--GENERAL INFORMATION | |
| fixed length control field | 970603t19971994miu b 001 0 eng d |
| 020 ## - INTERNATIONAL STANDARD BOOK NUMBER | |
| International Standard Book Number | 0801090407 (pbk.) |
| 035 ## - SYSTEM CONTROL NUMBER | |
| System control number | (OCoLC)37006968 |
| 040 ## - CATALOGING SOURCE | |
| Original cataloging agency | GMA |
| Transcribing agency | GMA |
| Modifying agency | VFY |
| -- | LBB |
| 049 ## - | |
| -- | LBBK |
| -- | LBBT |
| -- | LBBC |
| 082 ## - DEWEY DECIMAL CLASSIFICATION NUMBER | |
| Classification number | 253.0202 |
| Item number | LEA |
| 090 ## - LOCALLY ASSIGNED LC-TYPE CALL NUMBER (OCLC); LOCAL CALL NUMBER (RLIN) | |
| Classification number (OCLC) (R) ; Classification number, CALL (RLIN) (NR) | BV4011 |
| Local cutter number (OCLC) ; Book number/undivided call number, CALL (RLIN) | .L43 1994 |
| 090 ## - LOCALLY ASSIGNED LC-TYPE CALL NUMBER (OCLC); LOCAL CALL NUMBER (RLIN) | |
| Classification number (OCLC) (R) ; Classification number, CALL (RLIN) (NR) | BV4011 |
| Local cutter number (OCLC) ; Book number/undivided call number, CALL (RLIN) | .L43 1997 |
| 245 00 - TITLE STATEMENT | |
| Title | Leadership handbook of management and administration / |
| Statement of responsibility, etc. | general editor, James D. Berkley. |
| 260 ## - PUBLICATION, DISTRIBUTION, ETC. | |
| Place of publication, distribution, etc. | Grand Rapids, Mich. : |
| Name of publisher, distributor, etc. | Baker Books, |
| Date of publication, distribution, etc. | 2003, c1994. |
| 300 ## - PHYSICAL DESCRIPTION | |
| Extent | xx, 524 p. ; |
| Dimensions | 23 cm. |
| 504 ## - BIBLIOGRAPHY, ETC. NOTE | |
| Bibliography, etc. note | Includes bibliographical references and index. |
| 505 0# - FORMATTED CONTENTS NOTE | |
| Formatted contents note | Part 1. The purpose of personal management -- The call to ministry -- Our responsibility to God -- Responsibility to the ministry -- Responsibility to family members -- Responsibility to self -- Time management -- Personal finances -- Part 2. The meaning of church vocation -- The search process -- Negotiating the terms of a call -- Making the move -- Part 3. The meaning of leadership -- The responsibilities of leadership -- Leading Christians -- Crisis and conflict -- Part 4. The meaning of supervision -- Hiring support staff -- Calling ministerial and program staff -- Managing staff -- Terminating staff -- Part 5. The meaning of volunteerism -- Volunteer recruitment -- Volunteer training -- Supporting volunteers -- Part 6. The purpose of management -- Managing church government -- Managing the church office -- Managing the church computer system -- Managing buildings and grounds -- Managing construction and remodeling -- Part 7. The purpose of Stewardship -- Planning stewardship -- Conducting special fund drives -- Receiving and recording money -- Managing and apportioning money -- Spending church money -- Tax and law considerations. |
| 650 #0 - SUBJECT ADDED ENTRY--TOPICAL TERM | |
| Topical term or geographic name entry element | Management. |
| 9 (RLIN) | 2875 |
| 650 #0 - SUBJECT ADDED ENTRY--TOPICAL TERM | |
| Topical term or geographic name entry element | Pastoral theology. |
| 9 (RLIN) | 414 |
| 650 #0 - SUBJECT ADDED ENTRY--TOPICAL TERM | |
| Topical term or geographic name entry element | Church management. |
| 9 (RLIN) | 2876 |
| 700 1# - ADDED ENTRY--PERSONAL NAME | |
| Personal name | Berkley, James D., |
| Dates associated with a name | 1950- |
| 9 (RLIN) | 2877 |
| 942 ## - ADDED ENTRY ELEMENTS (KOHA) | |
| Source of classification or shelving scheme | Dewey Decimal Classification |
| Koha item type | Books |
| Koha issues (borrowed), all copies | 19 |
| Withdrawn status | Lost status | Source of classification or shelving scheme | Damaged status | Not for loan | Home library | Current Library | Shelving location | Date acquired | Total checkouts | Full call number | Barcode | Date last seen | Date last checked out | Copy number | Price effective from | Koha item type | Total renewals |
|---|---|---|---|---|---|---|---|---|---|---|---|---|---|---|---|---|---|
| Dewey Decimal Classification | GRACE BIBLE COLLEGE | GRACE BIBLE COLLEGE | Ministry & Mission | 2017-05-01 | 8 | 253.0202 LEA | 006798 | 2025-05-01 | 2024-02-19 | c.1 | 2017-05-01 | Books | |||||
| Dewey Decimal Classification | GRACE BIBLE COLLEGE | GRACE BIBLE COLLEGE | Ministry & Mission | 2017-05-01 | 11 | 253.0202 LEA | 006891 | 2025-05-01 | 2024-08-09 | c.2 | 2017-05-01 | Books | 1 |